Politika bydlení V procesu regenerace památkově chráněných území našich měst

Salvato in:
Dettagli Bibliografici
Autore principale: Loudová, Jiřina
Natura: Libro
Lingua:ceco
Pubblicazione: Praha Výzkumný ústav výstavby a architektury 1994
Edizione:1. vyd.
Soggetti:
Tags: Aggiungi Tag
Nessun Tag, puoi essere il primo ad aggiungerne!!

MARC

LEADER 00000nam a2200000 4500
001 c009419
005 20221205140926.5
020 |a 80-85124-85-8 
041 0 |a cze 
044 |a CZ 
245 1 0 |a Politika bydlení  |b V procesu regenerace památkově chráněných území našich měst  |c Jiřina Loudová 
250 |a 1. vyd. 
264 1 |a Praha  |b Výzkumný ústav výstavby a architektury  |c 1994 
300 |a 67 s. 
610 2 0 |a bývanie 
610 2 0 |a politika bytová 
610 2 0 |a Česko 
610 2 0 |a mestá 
610 2 0 |a pamiatky 
610 2 0 |a urbanizmus 
610 2 0 |a architektúra 
100 1 |a Loudová, Jiřina